El banquero de los pobres (Registro nro. 243)
[ vista simple ]
| 000 -LEADER | |
|---|---|
| fixed length control field | 01437 a2200241 4500 |
| 001 - CONTROL NUMBER | |
| control field | 1974 |
| 005 - DATE AND TIME OF LATEST TRANSACTION | |
| control field | 20260407155422.0 |
| 008 - FIXED-LENGTH DATA ELEMENTS--GENERAL INFORMATION | |
| fixed length control field | 260407a2006 arg spa d |
| 003 - CONTROL NUMBER IDENTIFIER | |
| control field | AR-UNSa-BCEJYS |
| 040 ## - CATALOGING SOURCE | |
| Original cataloging agency | AR-UNSa-BCEJYS |
| Language of cataloging | spa |
| Transcribing agency | AR-UNSa-BCEJYS |
| 080 ## - UNIVERSAL DECIMAL CLASSIFICATION NUMBER | |
| Universal Decimal Classification number | 339.96 |
| Common auxiliary subdivision | Ayuda al desarrollo como forma de cooperación económica |
| 020 ## - INTERNATIONAL STANDARD BOOK NUMBER | |
| International Standard Book Number | 978-950-12-6437-1 |
| 100 1# - MAIN ENTRY--PERSONAL NAME | |
| Personal name | Yunus, Muhammad |
| 245 10 - TITLE STATEMENT | |
| Title | El banquero de los pobres |
| Name of part/section of a work | los microcréditos y la batalla contra la pobreza en el mundo |
| 250 ## - EDITION STATEMENT | |
| Edition statement | 1a. ed. |
| 264 #1 - PRODUCTION, PUBLICATION, DISTRIBUTION, MANUFACTURE, AND COPYRIGHT NOTICE | |
| Place of production, publication, distribution, manufacture | Buenos Aires : |
| Name of producer, publisher, distributor, manufacturer | Paidós |
| Date of production, publication, distribution, manufacture, or copyright notice | 2006 |
| 300 ## - PHYSICAL DESCRIPTION | |
| Extent | 277 p. |
| Dimensions | 23 cm. |
| 505 ## - FORMATTED CONTENTS NOTE | |
| Formatted contents note | 1. Boxirhat Road, nº 20, Chittagong - 2. Un bengalí en Estados Unidos - 3. De vuelta en Chittagong - 4. Las fabricantes de taburetes de la aldea de Jobra - 5. Nace un proyecto piloto - 6. La expansión traspasa los límites de Jobra: Tangail - 7. Nace un banco para los pobres - 8. Crecimiento y nuevos retos del banco para los pobres: 1984-1990 - 9. Aplicaciones en otros países pobres - 10. Aplicaciones en Estados Unidos y en otros países ricos - 11. Grameen en la década de 1990 - 12. Más allá del microcrédito: una nueva constelación de empresas Grameen - 13. El Banco Grameen II - 14. El futuro |
| 590 ## - LOCAL NOTE (RLIN) | |
| Local note | niveau_biblio:m niveau_hierar:0 |
| 700 1# - ADDED ENTRY--PERSONAL NAME | |
| Personal name | Jolis, Alan |
| 856 41 - ELECTRONIC LOCATION AND ACCESS | |
| Uniform Resource Identifier | <a href="https://biblioeco.unsa.edu.ar/pmb/images/libros/El Banquero de los pobres-l118285.jpg">https://biblioeco.unsa.edu.ar/pmb/images/libros/El Banquero de los pobres-l118285.jpg</a> |
| Link text | Imagen de portada |
| Electronic format type | image/jpeg |
| 942 ## - ADDED ENTRY ELEMENTS (KOHA) | |
| Koha item type | |
| Withdrawn status | Lost status | Damaged status | Not for loan | Home library | Current library | Shelving location | Date acquired | Total checkouts | Full call number | Barcode | Date last seen | Price effective from | Koha item type |
|---|---|---|---|---|---|---|---|---|---|---|---|---|---|
| Biblioteca Prof. Eusebio Cleto del Rey | Biblioteca Prof. Eusebio Cleto del Rey | 07/04/2026 | 339.96 Y94 | L118285 | 07/04/2026 | 07/04/2026 | Libro |